000 00437nam a22001817a 4500
003 CEME
005 20210628202426.0
008 210122b xxu||||| |||| 00| 0 eng d
020 _a81-86830-103
040 _c.
082 _a423.1 THE
100 _aPentagon Press
_959856
245 _aThesaurus
260 _aNEW DELHI
_bPENTAGON PRESS
_c2004
300 _a309 P
650 _aENGLISH LANGUAGE-THESAURUS
_959857
942 _cBK
_2ddc
999 _c569739
_d569739